| 000 | 00633nam a22002297a 4500 | ||
|---|---|---|---|
| 003 | OSt | ||
| 005 | 20220107122834.0 | ||
| 008 | 170928b xxu||||| |||| 00| 0 eng d | ||
| 020 | _a9789384588939 | ||
| 040 | _cIIITMK | ||
| 082 | _a346.048654 PRA/P | ||
| 100 |
_aPrasad, Laxman _913082 |
||
| 245 |
_aPatenting in India: _bPolicy, procedure and public funding |
||
| 260 |
_aNew Delhi, _bI K International, _c2015. |
||
| 300 | _axviii, 287p. | ||
| 650 |
_aPATENTING _913083 |
||
| 650 |
_aTECHNOLOGY _913084 |
||
| 650 |
_aRESEARCH FUNDING _913085 |
||
| 650 |
_aHUMAN RESOURSES _913086 |
||
| 650 |
_aPATENT _913087 |
||
| 942 |
_2ddc _cBK |
||
| 999 |
_c5872 _d5872 |
||